000 00825nam a22002537a 4500
005 20251108164200.0
008 250721s1997 xx 000 0 ara d
082 1 4 _a342.962/شتا
100 1 _aشتات، أسامه أحمد
245 1 0 _aقانون الإدارة المحلية /
264 1 _aالقاهرة :
_bدار الكتب القانونيه،
_c1997.
300 _a178ص
650 1 7 _aالقانون
650 1 7 _aالقانون الإداري
650 1 7 _aالإدارة المحلية
650 1 7 _aالقوانين
650 1 7 _aالتخطيط المحلي
650 1 7 _aالمحافظات
650 1 7 _aالحكومة المحلية التقسيمات الإدارية و السياسية
650 1 7 _aحكام المحافظات
650 1 7 _aمصر
942 _2ddc
_cBK
999 _c5708
_d5708